Statistics for ♫ Work From Home Lyrics - Fifth Harmony ♫

Click here to take the quiz!

General Stats

  • This quiz has been taken 442 times
  • The average score is 251 of 362

Answer Stats

Lyric % Correct
a
99%
I
98%
I
98%
na
96%
work
93%
work
93%
you
92%
You
92%
the
90%
no
90%
no
90%
the
90%
home
89%
go
87%
go
87%
do
83%
your
82%
can
82%
Can
82%
your
82%
in
82%
nothin'
81%
but
81%
Nothin'
81%
but
81%
gotta
81%
But
81%
I'mma
80%
I'm
80%
I'm
80%
night
79%
ain't
79%
ain't
79%
from
79%
We
77%
don't
77%
We
77%
on
77%
know
76%
to
75%
at
75%
to
75%
shift
75%
an
75%
need
74%
'bout
73%
always
73%
alone
72%
it
71%
these
70%
put
70%
Put
70%
baby
70%
boss
70%
Put
70%
you're
69%
worried
68%
and
67%
body
67%
pretty,
67%
body
67%
And
67%
nights
67%
'Cause
66%
make
66%
sittin'
65%
oh
65%
Oh
65%
explanation
65%
can't
65%
stand
63%
hours
63%
Let
62%
pic
62%
get
62%
nada
60%
my
60%
fired
60%
picture
57%
them
55%
impatient,
54%
harder
53%
after
53%
sending
52%
promotion
47%
me
46%
wearin'
45%
She
44%
give
44%
she
44%
she
44%
like
44%
ocean
43%
bed
42%
vacay
42%
into
41%
just
41%
motion
41%
feel
40%
us
39%
nobody
38%
I'll
38%
turn
38%
for
37%
Let's
37%
between
35%
sheets
32%
Girl
31%
getting
29%
up
29%
up
29%
clap
28%
that
28%
early
28%
off
27%
take
25%
Take
25%
hands
24%
'63
23%
Her
23%
her
23%
all
20%
gon'
20%
back
20%
Look
19%
Ride
19%
ride
19%
bae
18%
boo
18%
pick
18%
ground
17%
over
16%
or
12%
timesheet
12%
with
11%
break
11%
buy
11%
Celine
10%
die
10%
Putting
10%
foreign
9%
down
9%
overtime
9%
rule
9%
won't
8%
finesse
8%
judge
6%
pipe
4%

Score Distribution

Percentile by Number Answered

Percent of People with Each Score

Your Score History

You have not taken this quiz